000 00639nam a2200241Ia 4500
003 OSt
005 20220912151742.0
006 a|||||r|||| 00| 0
007 ta
008 220909b |||||||| |||| 00| 0 eng d
024 _a24218
037 _cTextual
040 _aCSL
_beng
_cCSL
041 _aeng
082 _aY75:1vD, L8;3
100 _aBhattacharya D K
245 0 _aEmergence of culture in europe
260 _aDelhi
_bB R Publication Crop
_c1978
300 _a206p.
_ccm.
650 _aAnthropology-European culture
942 _hY75:1vD, L8;3
_cTEXL
_2CC
999 _c74554
_d74554